000
00254nam a22000977a 4500
999
_c
11669
_d
11669
008
191125b ||||| |||| 00| 0 eng d
020
_a
9789380278575
100
_a
Wells,H.G.
_9
7371
245
_a
The Time Machine
260
_a
New Delhi
_b
Paper Clip Books
_c
2019